000 00290nam a22001337a 4500
008 171009b xxu||||| |||| 00| 0 eng d
020 _a2900071106428
041 _aeng
080 _26TH
_a159.9
100 _a49
101 _aPSI
245 _aSPORT PSYCHOLOGY
_cCOX.R.H
942 _2udc
_cBK
999 _c32448
_d32448